Castle Characters - Statistics

General Stats
  • This quiz has been taken 470 times
    361 since last reset
  • The average score is 7 of 9
Answer Stats
Hint Answer % Correct
NYPD female officer Kate Beckett
97%
Author Richard Castle
97%
The main Character's daughter Alexis Castle
87%
NYPD officer who used to go undercover Kevin Ryan
78%
NYPD officer who was in the military Javier Esposito
76%
The main character's mother Martha Rodgers
66%
The deceased Captain Roy Montgomery
61%
The Medical Examiner Lanie Parish
53%
The current captain Victoria Gates
48%
No matching quizzes found
Score Distribution
Percent of People with Each Score
Percentile by Number Answered
Your Score History
You have not taken this quiz since the last reset